[Event "CZE-ch Amateur"]
[Site "Hluk"]
[Date "2023.05.08"]
[Round "4"]
[White "Sabol, Marian"]
[Black "Buchcar, Tomas"]
[Result "1-0"]
[WhiteElo "2268"]
[BlackElo "2165"]
[PlyCount "55"]
[EventDate "2023.05.06"]
[EventType "swiss"]
[EventRounds "9"]
[EventCountry "CZE"]
[SourceTitle "CBM 214 Extra"]
[Source "ChessBase"]
[SourceDate "2023.07.31"]
[SourceVersion "1"]
[SourceVersionDate "2023.07.31"]
[SourceQuality "1"]

1. d4 d5 2. c4 e6 3. Nf3 Be7 4. g3 Nf6 5. Bg2 0-0 6. 0-0 b6 7. cxd5 exd5 8. Nc3 Bb7 9. Bf4 c5 10. dxc5 bxc5 11. Ne5 Qb6 12. Nxd5 Nxd5 13. Bxd5 g5 14. Be3 Rd8 15. Bxf7+ Kg7 16. Qb3 Bf6 17. Ng4 Qc6 18. f3 Bd4 19. Bh5 Qd7 20. Bxd4+ cxd4 21. Ne5 Qd5 22. Qxd5 Rxd5 23. f4 Rb5 24. fxg5 Be4 25. Rf7+ Kg8 26. Ng4 Rxg5 27. Nf6+ Kh8 28. Bf3 1-0

[Event "CZE-chT2D 2223"]
[Site "Czech Republic"]
[Date "2023.03.05"]
[Round "10.1"]
[White "Krmela, Ales"]
[Black "Sabol, Marian"]
[Result "0-1"]
[WhiteElo "2041"]
[BlackElo "2327"]
[PlyCount "116"]
[EventDate "2022.10.16"]
[EventType "team-tourn"]
[EventRounds "11"]
[EventCountry "CZE"]
[SourceTitle "EXT 2024"]
[Source "ChessBase"]
[SourceDate "2023.10.10"]
[SourceVersion "1"]
[SourceVersionDate "2023.10.10"]
[SourceQuality "1"]
[WhiteTeam "Zabreh"]
[BlackTeam "Vysoke Myto"]
[WhiteTeamCountry "CZE"]
[BlackTeamCountry "CZE"]

1. e4 c5 2. Nf3 d6 3. d4 cxd4 4. Nxd4 Nf6 5. Nc3 a6 6. Be2 e6 7. 0-0 Be7 8. Be3 0-0 9. Qd2 Qc7 10. Rfd1 Bd7 11. a4 Nc6 12. Nxc6 Bxc6 13. f3 b6 14. Bd3 Rfd8 15. Qf2 Nd7 16. Bd4 Bb7 17. Qg3 Bf6 18. Bxf6 Nxf6 19. Ra3 Rac8 20. Rb3 Nd7 21. Ne2 Nc5 22. Rc3 Qe7 23. b3 Qf6 24. Qf4 Qxf4 25. Nxf4 Kf8 26. Kf2 Nxe4+ 27. Bxe4 Rxc3 28. Bxb7 Rxc2+ 29. Ne2 a5 30. Ke3 d5 31. f4 Rb2 32. Rd3 Rd7 33. Ba6 Rc7 34. f5 Ke7 35. h4 Kf6 36. g4 Ke5 37. Kf3 Kd6 38. Nd4 Re7 39. fxe6 fxe6 40. Rc3 Rf7+ 41. Ke3 e5 42. Rc6+ Kd7 43. Bc8+ Kd8 44. Ne6+ Ke8 45. Rxb6 Rf1 46. Bb7 Re1+ 47. Kd3 d4 48. Ba6 Re3+ 49. Kc4 Rc3+ 50. Kd5 Rbxb3 51. Bb5+ Ke7 52. Kxe5 Re3+ 53. Kd5 d3 54. Nd4 d2 55. Rb7+ Kf8 56. Ne6+ Rxe6 57. Kxe6 Re3+ 58. Kf5 d1Q 0-1

[Event "Pardubice Region-chT 2223"]
[Site "Czech Republic"]
[Date "2023.01.15"]
[Round "6.1"]
[White "Sabol, Marian"]
[Black "Daniel, Martin"]
[Result "1-0"]
[WhiteElo "2327"]
[BlackElo "1992"]
[PlyCount "85"]
[EventDate "2022.10.09"]
[EventType "team-tourn"]
[EventRounds "11"]
[EventCountry "CZE"]
[SourceTitle "EXT 2024"]
[Source "ChessBase"]
[SourceDate "2023.10.10"]
[SourceVersion "1"]
[SourceVersionDate "2023.10.10"]
[SourceQuality "1"]

1. d4 Nf6 2. Nf3 e6 3. c4 c5 4. g3 cxd4 5. Nxd4 a6 6. Bg2 Qc7 7. b3 Bb4+ 8. Bd2 Bxd2+ 9. Qxd2 Nc6 10. 0-0 0-0 11. Nc3 b6 12. Nxc6 dxc6 13. Rfd1 Bb7 14. Qd6 Rac8 15. Na4 b5 16. Qxc7 Rxc7 17. Nc5 Rfc8 18. a4 bxc4 19. bxc4 a5 20. Rab1 Ba8 21. Rb6 Ra7 22. e4 Kf8 23. e5 Ng4 24. Re1 Rd8 25. h3 Nh6 26. g4 Ke7 27. Reb1 Rd4 28. Ra6 Rxa6 29. Nxa6 Rxc4 30. Rb8 f6 31. Rxa8 fxe5 32. Nb8 Rxa4 33. Nxc6+ Kf6 34. Rf8+ Kg5 35. Nxe5 Rb4 36. Kh2 Nf5 37. gxf5 exf5 38. Ra8 Rb2 39. f4+ Kh5 40. Rxa5 g5 41. Nf3 Kg6 42. Nxg5 Rb4 43. Kg3 1-0

[Event "CZE-chT2D 2223"]
[Site "Czech Republic"]
[Date "2022.12.04"]
[Round "4.1"]
[White "Sabol, Marian"]
[Black "Cerveny, Petr"]
[Result "1/2-1/2"]
[WhiteElo "2327"]
[BlackElo "2325"]
[PlyCount "115"]
[EventDate "2022.10.16"]
[EventType "team-tourn"]
[EventRounds "11"]
[EventCountry "CZE"]
[SourceTitle "EXT 2024"]
[Source "ChessBase"]
[SourceDate "2023.10.10"]
[SourceVersion "1"]
[SourceVersionDate "2023.10.10"]
[SourceQuality "1"]
[WhiteTeam "Vysoke Myto"]
[BlackTeam "Policka Stefanydes"]
[WhiteTeamCountry "CZE"]
[BlackTeamCountry "CZE"]

1. e4 e5 2. Nf3 Nc6 3. Bb5 a6 4. Bxc6 dxc6 5. d4 exd4 6. Qxd4 Qxd4 7. Nxd4 Bd7 8. Bg5 h6 9. Bh4 g5 10. Bg3 Bg7 11. c3 0-0-0 12. Nd2 Ne7 13. 0-0-0 c5 14. N4b3 b6 15. Nc4 Be6 16. Ne3 a5 17. Rxd8+ Rxd8 18. h4 a4 19. Nd2 a3 20. hxg5 axb2+ 21. Kc2 hxg5 22. Ndc4 Nc6 23. Nxb2 Bxa2 24. Nbc4 Rh8 25. Ra1 Bxc4 26. Nxc4 Kb7 27. Rd1 Re8 28. Rd7 Re7 29. Nd6+ Kb8 30. Rxe7 Nxe7 31. Nxf7 g4 32. Ne5 Bxe5 33. Bxe5 Kc8 34. Bf6 Kd7 35. f4 gxf3 36. gxf3 c4 37. Bh4 b5 38. f4 c5 39. f5 b4 40. Bf2 b3+ 41. Kb2 Kd6 42. Bg3+ Kd7 43. Bf4 Kc6 44. Bg5 Kd7 45. Ka3 Nc6 46. Bf6 Ke8 47. Bh4 Kd7 48. Bg3 Ne7 49. Kb2 Kc6 50. Kc1 Kd7 51. Kd2 Kc6 52. Be5 Nc8 53. Kc1 Nd6 54. Bxd6 Kxd6 55. f6 Ke6 56. e5 Kf7 57. Kb2 Ke6 58. Kc1 1/2-1/2

[Event "Liberec Desko op"]
[Site "Liberec"]
[Date "2021.07.21"]
[Round "6"]
[White "Sabol, Marian"]
[Black "Finek, Vaclav"]
[Result "1-0"]
[WhiteElo "2259"]
[BlackElo "2378"]
[PlyCount "81"]
[EventDate "2021.07.17"]
[EventType "swiss"]
[EventRounds "9"]
[EventCountry "CZE"]
[SourceTitle "CBM 203 Extra"]
[Source "ChessBase"]
[SourceDate "2021.09.30"]
[SourceVersion "1"]
[SourceVersionDate "2021.09.30"]
[SourceQuality "1"]

1. e4 c5 2. Nf3 e6 3. c3 Nf6 4. e5 Nd5 5. c4 Ne7 6. Bd3 d6 7. exd6 Ng6 8. Bxg6 hxg6 9. d4 Bxd6 10. dxc5 Bxc5 11. Qxd8+ Kxd8 12. Nc3 Bb4 13. Bd2 Bxc3 14. Bxc3 f6 15. Nd4 a6 16. 0-0-0 Ke7 17. f4 Bd7 18. h4 Nc6 19. g3 Nxd4 20. Rxd4 Bc6 21. Rhd1 Rh5 22. Re1 Re8 23. Rd3 Kf7 24. Rde3 b5 25. cxb5 axb5 26. b3 Bd5 27. Kb2 Rc8 28. Rd1 Rf5 29. Rd4 g5 30. hxg5 fxg5 31. Rb4 gxf4 32. gxf4 Bc6 33. Rg3 Rg8 34. a4 bxa4 35. Rc4 Bd7 36. bxa4 g5 37. Rc7 Ke8 38. Be5 Rgf8 39. Bd6 Rh8 40. Rb3 Rh2+ 41. Ka3 1-0

[Event "Pardubice Czech op-E 32nd"]
[Site "Pardubice"]
[Date "2021.07.16"]
[Round "2.1"]
[White "Sabol, Marian"]
[Black "Kraus, Tomas"]
[Result "1/2-1/2"]
[WhiteElo "2259"]
[BlackElo "2459"]
[PlyCount "142"]
[EventDate "2021.07.15"]
[EventType "team-swiss"]
[EventRounds "7"]
[EventCountry "CZE"]
[SourceTitle "CBM 203 Extra"]
[Source "ChessBase"]
[SourceDate "2021.09.30"]
[SourceVersion "1"]
[SourceVersionDate "2021.09.30"]
[SourceQuality "1"]
[WhiteTeam "Vysoke Myto"]
[BlackTeam "Turnov Zikuda"]
[WhiteTeamCountry "CZE"]
[BlackTeamCountry "CZE"]

1. d4 d5 2. c4 e6 3. Nf3 c5 4. cxd5 exd5 5. g3 Nc6 6. Bg2 Nf6 7. 0-0 Be7 8. dxc5 Bxc5 9. a3 a5 10. Nc3 d4 11. Nb5 0-0 12. Bg5 a4 13. Rc1 Bb6 14. Qd3 Be6 15. Rfd1 Bb3 16. Re1 Re8 17. Bf4 Ne4 18. Nd2 Nxd2 19. Nd6 Ne5 20. Bxe5 Rxe5 21. Nxb7 Qe7 22. Nd6 Qxd6 23. Bxa8 Qb8 24. Bg2 Ba5 25. Qxd4 Nc4 26. Rf1 Bb6 27. Qf4 g5 28. Qg4 h5 29. Qxh5 Nd2 30. Rfe1 Qd8 31. Qg4 Qd4 32. Qxd4 Bxd4 33. e3 Bc5 34. Rc3 g4 35. Rec1 Be7 36. Rd3 Nf3+ 37. Bxf3 gxf3 38. e4 Rxe4 39. Rxf3 Bg5 40. Rc5 Re1+ 41. Kg2 Bc1 42. Rxb3 axb3 43. Rb5 Bxb2 44. Rxb3 Bd4 45. Rb4 Rd1 46. Rb8+ Kg7 47. Rd8 Rd2 48. Kh3 Kf6 49. Kg4 Ke7 50. Rd5 Ke6 51. Rd8 f5+ 52. Kh5 Ke5 53. f4+ Ke4 54. h4 Rg2 55. Re8+ Kf3 56. Kg5 Rxg3+ 57. Kxf5 Rh3 58. Kg5 Rg3+ 59. Kf5 Rh3 60. Kg5 Bb2 61. Rb8 Rg3+ 62. Kf5 Bc1 63. Rb3+ Be3 64. h5 Rg8 65. h6 Rf8+ 66. Kg6 Kxf4 67. Rxe3 Kxe3 68. h7 Kd4 69. Kg7 Ra8 70. h8Q Rxh8 71. Kxh8 Kc4 1/2-1/2

[Event "Litomysl op 20th"]
[Site "Litomysl"]
[Date "2019.12.28"]
[Round "4"]
[White "Vaval, Aaditi"]
[Black "Sabol, Marian"]
[Result "1/2-1/2"]
[WhiteElo "1773"]
[BlackElo "2278"]
[PlyCount "49"]
[EventDate "2019.12.26"]
[EventType "swiss"]
[EventRounds "9"]
[EventCountry "CZE"]
[SourceTitle "CBM 194 Extra"]
[Source "ChessBase"]
[SourceDate "2020.03.31"]
[SourceVersion "1"]
[SourceVersionDate "2020.03.31"]
[SourceQuality "1"]

1. e4 c5 2. c3 d6 3. d4 Nf6 4. Bd3 g6 5. h3 Bg7 6. Nf3 0-0 7. 0-0 Qc7 8. Bg5 h6 9. Be3 b6 10. Qe2 Nc6 11. Nbd2 e5 12. d5 Ne7 13. a4 Ne8 14. Nh2 f5 15. f3 f4 16. Bf2 g5 17. a5 Rb8 18. axb6 axb6 19. Ra2 Nf6 20. Rfa1 h5 21. Ra7 Qd8 22. Ba6 Bd7 23. Bb5 Bc8 24. Ba6 Bd7 25. Bb5 1/2-1/2

[Event "Litomysl op 20th"]
[Site "Litomysl"]
[Date "2019.12.27"]
[Round "3"]
[White "Sabol, Marian"]
[Black "Khulapov, Vyacheslav"]
[Result "0-1"]
[WhiteElo "2278"]
[BlackElo "2065"]
[PlyCount "56"]
[EventDate "2019.12.26"]
[EventType "swiss"]
[EventRounds "9"]
[EventCountry "CZE"]
[SourceTitle "CBM 194 Extra"]
[Source "ChessBase"]
[SourceDate "2020.03.31"]
[SourceVersion "1"]
[SourceVersionDate "2020.03.31"]
[SourceQuality "1"]

1. d4 g6 2. e4 Bg7 3. c3 d6 4. f4 Nd7 5. Nf3 e5 6. dxe5 dxe5 7. Bc4 exf4 8. Bxf4 Qe7 9. Nbd2 Ne5 10. 0-0 Qc5+ 11. Kh1 Nxc4 12. Nxc4 Qxc4 13. Qd2 Be6 14. Rad1 Ne7 15. Ne5 Qa6 16. Nxf7 0-0 17. Ng5 Bg4 18. Rde1 h6 19. Nf3 Rad8 20. Qc1 Bxf3 21. gxf3 Rd3 22. Kg2 Qf6 23. Qc2 Rd7 24. Bc1 Qe6 25. Qa4 g5 26. Qxa7 b6 27. Qa6 Ng6 28. Qe2 Rdf7 0-1

[Event "Pardubice Czech Tintera op 30th"]
[Site "Pardubice"]
[Date "2019.07.20"]
[Round "2"]
[White "Sabol, Marian"]
[Black "Petras, Milan"]
[Result "0-1"]
[WhiteElo "2266"]
[BlackElo "1935"]
[PlyCount "90"]
[EventDate "2019.07.19"]
[EventType "swiss"]
[EventRounds "9"]
[EventCountry "CZE"]
[SourceTitle "EXT 2020"]
[Source "ChessBase"]
[SourceDate "2019.10.17"]
[SourceVersion "1"]
[SourceVersionDate "2019.10.17"]
[SourceQuality "1"]

1. d4 Nf6 2. Nf3 g6 3. g3 Bg7 4. Bg2 0-0 5. 0-0 d6 6. c4 Nbd7 7. Nc3 e5 8. e4 exd4 9. Nxd4 Re8 10. h3 a6 11. Re1 Ne5 12. b3 Rb8 13. f4 Ned7 14. Be3 c5 15. Nde2 b5 16. e5 b4 17. exf6 bxc3 18. fxg7 Rxe3 19. Kf2 Re6 20. Bd5 Re8 21. Nxc3 Rxe1 22. Qxe1 Nf6 23. Qh1 h5 24. Bg2 Be6 25. Re1 Kxg7 26. Re3 h4 27. Qa1 Kh7 28. Ne2 a5 29. Bf3 hxg3+ 30. Nxg3 Qh8 31. Qd1 Rd8 32. Bg4 Nxg4+ 33. hxg4 Qb2+ 34. Re2 Qf6 35. Re4 Qh4 36. f5 Bc8 37. fxg6+ fxg6 38. Qh1 Qxh1 39. Nxh1 Kh6 40. Kg3 Bb7 41. Re1 Rf8 42. Rd1 Kg5 43. Rg1 Rf3+ 44. Kh2 Kh4 45. g5 Rh3# 0-1

[Event "CZE-chT2D 1819"]
[Site "Czech Republic"]
[Date "2019.02.10"]
[Round "8.1"]
[White "Sabol, Marian"]
[Black "Pacher, Milan"]
[Result "0-1"]
[WhiteElo "2295"]
[BlackElo "2457"]
[PlyCount "52"]
[EventDate "2018.10.14"]
[EventType "team-tourn"]
[EventRounds "11"]
[EventCountry "CZE"]
[SourceTitle "EXT 2022"]
[Source "ChessBase"]
[SourceDate "2021.10.06"]
[SourceVersion "1"]
[SourceVersionDate "2021.10.06"]
[SourceQuality "1"]
[WhiteTeam "Vysoke Myto"]
[BlackTeam "Orechov"]
[WhiteTeamCountry "CZE"]
[BlackTeamCountry "CZE"]

1. d4 d5 2. c4 c6 3. Nf3 Nf6 4. g3 dxc4 5. Bg2 b5 6. 0-0 Bb7 7. Ne5 e6 8. Nc3 a6 9. Bg5 Be7 10. Bxf6 gxf6 11. Nf3 c5 12. d5 b4 13. dxe6 bxc3 14. exf7+ Kxf7 15. Qa4 cxb2 16. Rad1 Qc8 17. Qxc4+ Kg7 18. Ne5 Rf8 19. Bxb7 Qxb7 20. Qg4+ Kh8 21. Ng6+ hxg6 22. Qxg6 Bd8 23. Rd5 Qg7 24. Qd3 Nc6 25. Rh5+ Kg8 26. Qc4+ Rf7 0-1

[Event "CZE-chT2D 1819"]
[Site "Czech Republic"]
[Date "2019.01.27"]
[Round "7.1"]
[White "Riha, Vojtech"]
[Black "Sabol, Marian"]
[Result "0-1"]
[WhiteElo "2174"]
[BlackElo "2295"]
[PlyCount "46"]
[EventDate "2018.10.14"]
[EventType "team-tourn"]
[EventRounds "11"]
[EventCountry "CZE"]
[SourceTitle "EXT 2022"]
[Source "ChessBase"]
[SourceDate "2021.10.06"]
[SourceVersion "1"]
[SourceVersionDate "2021.10.06"]
[SourceQuality "1"]
[WhiteTeam "Chotebor"]
[BlackTeam "Vysoke Myto"]
[WhiteTeamCountry "CZE"]
[BlackTeamCountry "CZE"]

1. e4 c5 2. b4 cxb4 3. a3 d5 4. exd5 Qxd5 5. Nf3 e5 6. c4 Qe6 7. Bd3 Nc6 8. 0-0 f5 9. Re1 e4 10. Bc2 Be7 11. Bb2 Qg6 12. Ne5 Nxe5 13. Bxe5 Nf6 14. Ba4+ Nd7 15. axb4 0-0 16. Bxd7 Bxd7 17. Nc3 Qe6 18. f4 Qxc4 19. d3 exd3 20. Bxg7 Bxb4 21. Bxf8 Rxf8 22. Rc1 Qd4+ 23. Kh1 d2 0-1

[Event "Litomysl op 20th"]
[Site "Litomysl"]
[Date "2018.12.29"]
[Round "5"]
[White "Simacek, Pavel"]
[Black "Sabol, Marian"]
[Result "1-0"]
[WhiteElo "2478"]
[BlackElo "2298"]
[PlyCount "61"]
[EventDate "2018.12.26"]
[EventType "swiss"]
[EventRounds "9"]
[EventCountry "CZE"]
[SourceTitle "CBM 188 Extra"]
[Source "ChessBase"]
[SourceDate "2019.02.26"]
[SourceVersion "1"]
[SourceVersionDate "2019.02.26"]
[SourceQuality "1"]

1. e4 c5 2. Nf3 d6 3. d4 cxd4 4. Nxd4 Nf6 5. Nc3 a6 6. Bc4 e6 7. 0-0 Qc7 8. Bb3 Nc6 9. Kh1 Bd7 10. f4 Be7 11. f5 Nxd4 12. Qxd4 0-0 13. Bg5 e5 14. Qd3 Bc6 15. Rad1 Rad8 16. Bxf6 Bxf6 17. Rf3 b5 18. Bd5 Bd7 19. Ne2 Bc6 20. Nc3 Bd7 21. a3 Qb6 22. Bb3 Bc6 23. Bd5 Bd7 24. Qe2 b4 25. axb4 Qxb4 26. Qxa6 Qxb2 27. Bb3 Ra8 28. Qxd6 Ra1 29. Qxd7 Rd8 30. Qxf7+ Kh8 31. Rff1 1-0